NFL New York Giants 2021-2022 Active Roster - Statistics

General Stats
  • This quiz has been taken 112 times
    98 since last reset
  • The average score is 26 of 75
Answer Stats
Hint Answer % Correct
QB Daniel Jones
99%
RB Saquon Barkley
97%
TE Rysen John
96%
WR Sterling Shepard
76%
WR Darius Slayton
74%
WR Kenny Golladay
69%
TE Evan Engram
68%
WR Kadarius Toney
68%
QB Mike Glennon
66%
T Andrew Thomas
62%
Head Coach Joe Judge
62%
CB James Bradberry
59%
CB Jarren Williams
58%
DE Leonard Williams
58%
CB Rodarius Williams
58%
ILB Benardrick McKinney
55%
FS Xavier McKinney
55%
K Graham Gano
53%
DE Dexter Lawrence
50%
CB Adoree Jackson
49%
QB Jake Fromm
45%
SS Julian Love
43%
TE Kaden Smith
42%
TE Kyle Rudolph
42%
G Wes Martin
42%
ILB Blake Martinez
41%
RB Devontae Booker
41%
OLB Elerson Smith
41%
ILB Jaylon Smith
41%
DT Austin Johnson
39%
WR Collin Johnson
39%
DE Raymond Johnson
39%
SS Jabrill Peppers
38%
FB Elijhaa Penny
36%
WR John Ross
34%
FS Logan Ryan
34%
OLB Azeez Ojulari
32%
CB Darnay Holmes
32%
CB Aaron Robinson
31%
T Nate Solder
30%
RB Gary Brightwell
28%
G Nick Gates
28%
P Riley Dixon
28%
ILB Tae Crowder
27%
WR Dante Pettis
24%
T Matt Peart
24%
C Billy Price
23%
WR David Sills
23%
Defensive Cord Patrick Graham
23%
G Will Hernandez
23%
OLB Cam Brown
20%
G Shane Lemieux
20%
OLB Lorenzo Carter
19%
WR CJ Board
18%
Offensive Cord Freddie Kitchens
18%
OLB Quincy Roche
16%
ILB Carter Coughlin
15%
OLB Oshane Ximines
15%
G Ben Bredeson
14%
LS Casey Kreiter
12%
DT Danny Shelton
12%
C Matt Skura
12%
FB Cullen Gillaspia
11%
T Korey Cunningham
11%
ILB Reggie Ragland
9%
CB Keion Crossen
8%
TE Levine Toilolo
8%
SS Steven Parker
7%
ILB TJ Brunson
7%
FS JR Reed
5%
ILB Justin Hilliard
5%
SS Nate Ebner
5%
Special Teams Cord Thomas McGaughey
4%
SS Joshua Kalu
3%
G Kyle Murphy
3%
No matching quizzes found
Score Distribution
Percent of People with Each Score
Percentile by Number Answered
Your Score History
You have not taken this quiz since the last reset